| 000 | 01032nam a22003017a 4500 | ||
|---|---|---|---|
| 001 | 5273 | ||
| 003 | FISKH | ||
| 005 | 20260319150858.0 | ||
| 008 | 241122b cb ||||| |||| 00| 0 eng d | ||
| 020 | _a9780545200127 | ||
| 040 |
_aFISKH _beng _cFISKH _dFISKH |
||
| 050 | _aPZ7.R24435 | ||
| 082 | _a813.54 | ||
| 100 |
_aRecorvits, Helen _d(1960-) |
||
| 245 |
_aMy name is Yoon / _cHelen Recorvits Pictures by Gabi Swiatkowska |
||
| 250 | _aPublished in 2003 | ||
| 260 |
_aNew York : _bScholastic, _c2003. |
||
| 300 |
_a21 pages : _bcolor illustrations ; _c23 cm |
||
| 505 | _aG | ||
| 520 | _aDisliking her name as written in English, Korean-born Yoon, or "shining wisdom," refers to herself as "cat," "bird," and "cupcake," as a way to feel more comfortable in her new school and new country. | ||
| 521 | 8 |
_a320L
_bLexile |
|
| 521 | 8 |
_aG
_bRaz-Plus |
|
| 650 |
_2Korean Americans _aMulticultural |
||
| 650 |
_2Names _aImmigration |
||
| 700 |
_aSwiatkowska, Gabi _dIllustrator |
||
| 942 |
_2ddc _cBK _n0 |
||
| 999 |
_c5273 _d5273 |
||